Normal view
MARC view
Entry Personal Name
001 - CONTROL NUMBER
- control field: 748129
003 - CONTROL NUMBER IDENTIFIER
- control field: OSt
005 - DATE AND TIME OF LATEST TRANSACTION
- control field: 20250326143521.0
008 - FIXED-LENGTH DATA ELEMENTS
- fixed length control field: 250326|| aca||aabn | a|a d
040 ## - CATALOGING SOURCE
- Original cataloging agency: OSt
- Transcribing agency: OSt
100 ## - HEADING--PERSONAL NAME
- Personal name: Vavra T G
670 ## - SOURCE DATA FOUND
- Source citation: Work cat.: (OSt)1299915: Vavra T G, Customer satisfaction measurement simplified : a step - by - step guide for ISO 9001:2000 certification, 2001
